000 01499cam a2200421 a 4500
001 15902705
003 Nust- CAS-E
005 20180118181354.0
008 090911s2010 flua b 001 0 eng
010 _a 2009035958
015 _aGBA979551
_2bnb
015 _a015-34733
_2bnb
016 7 _a015347335
_2Uk
020 _a9781439815083
020 _a1439815089
035 _a(OCoLC)ocn436387165
040 _aDLC
_cDLC
_dYDX
_dYDXCP
_dCDX
_dBWX
_dAGL
_dUKM
_dLDL
_dWAU
_dGBVCP
_dDEBBG
_dDLC
050 0 0 _aTJ808
_b.K515 2010
082 0 0 _a621.042
_222
_bKHA 2010
100 1 _aKhaligh, Alireza.
245 1 0 _aEnergy harvesting :
_bsolar, wind, and ocean energy conversion systems /
_cAlireza Khaligh, Omer C. Onar.
260 _aBoca Raton :
_bCRC Press,
_cc2010.
300 _axv, 350 p., [16] p. of plates :
_bill. (some col.) ;
_c27 cm.
490 1 _aEnergy, power electronics, and machines series
504 _aIncludes bibliographical references and index.
650 0 _aEnergy harvesting.
650 0 _aRenewable energy sources.
650 0 _aSolar energy.
650 0 _aOcean energy resources.
650 0 _aWind power.
650 0 _aWind energy conversion systems
650 0 _aEnergy conversion.
700 1 _aOnar, Omer C.
830 0 _aEnergy, power electronics, and machines series.
906 _a7
_bcbc
_corignew
_d1
_eecip
_f20
_gy-gencatlg
942 _2ddc
_cBK
999 _c355238
_d355238